00642 a2200193 450000500170000000800410001701000140005802000230007203500130009503700180010808200140012624500780014026000390021827000780025730000250033549000540036050000190041470000150043320080911162954.0080911t xxu||||| |||| 00| 0 eng d aENG-87722 c550.00a0761935667 aEN-71255 bD.B.Act / Pub a320.91767 aDemocracy in muslim societiescedited by Zoya Hasanbthe Asian experience aNew DelhibSage Publicationsc2007 aB1/11, Mohan Cooperative Industrial Area, Mathura RoadbNew Delhie110044 a266 p.c22 cm. (Hb). aORF studies in contemporary Muslim Societies; V.4 aIncludes index aZoya Hasan